[Event "Bad Woerishofen Sen"]
[Site "Bad Woerishofen"]
[Date "2001.??.??"]
[Round "7"]
[White "Thielemann, Joachim"]
[Black "Delander, Adolf"]
[Result "1/2-1/2"]
[WhiteElo "2061"]
[BlackElo "2266"]
[Annotator "ChessOrg"]
[PlyCount "85"]
[EventDate "1998.03.05"]
[Source "ChessBase"]
[SourceDate "1998.04.29"]

1. e4 c6 2. d4 d5 3. exd5 cxd5 4. Nf3 Nc6 5. Bd3 Bg4 6. c3 Nf6 7. h3 Bxf3 8.
Qxf3 g6 9. O-O Bg7 10. Re1 O-O 11. Bg5 Re8 12. Bxf6 Bxf6 13. Bb5 e5 14. dxe5
Nxe5 15. Qd1 Re6 16. Na3 a6 17. Bf1 Rd6 18. Nc2 Qc7 19. Rb1 Rad8 20. Nd4 Nc6
21. Nxc6 Qxc6 22. Qb3 b5 23. Rbd1 Kg7 24. g3 Qc5 25. Rd3 d4 26. cxd4 Rxd4 27.
Red1 Rxd3 28. Bxd3 Bd4 29. Qc2 Qe5 30. Kg2 Bxb2 31. a4 Bc3 32. axb5 axb5 33.
Be2 Rxd1 34. Bxd1 b4 35. Qb3 Qd4 36. Bc2 Qd2 37. Bb1 Qe1 38. Ba2 Qe4+ 39. Kg1
Qf5 40. Kg2 h5 41. Qc4 Qf6 42. Bb3 Qe7 43. Qd5 1/2-1/2

[Event "Bad Woerishofen Sen"]
[Site "Bad Woerishofen"]
[Date "2001.??.??"]
[Round "9"]
[White "Thielemann, Joachim"]
[Black "Dinser, Hans"]
[Result "1-0"]
[WhiteElo "2061"]
[BlackElo "1906"]
[Annotator "ChessOrg"]
[PlyCount "85"]
[EventDate "1998.03.05"]
[Source "ChessBase"]
[SourceDate "1998.04.29"]

1. e4 c5 2. b3 e5 3. Nc3 Nc6 4. Bc4 a6 5. a4 Nf6 6. f3 Be7 7. Nge2 O-O 8. O-O
Na5 9. Bd5 Nc6 10. d3 d6 11. f4 Be6 12. Bxc6 bxc6 13. fxe5 dxe5 14. h3 Qd7 15.
Rf3 Nh5 16. Be3 g6 17. Qf1 Ng7 18. Qf2 f5 19. Bxc5 fxe4 20. Nxe4 Rxf3 21. gxf3
Rf8 22. Bxe7 Qxe7 23. Kh2 Nh5 24. Rg1 Bc8 25. Rg5 Qe6 26. Qg2 Kh8 27. d4 exd4
28. Nxd4 Qd7 29. Ne2 Qf7 30. Ng1 Bf5 31. Qd2 Qe7 32. Qd4+ Ng7 33. Rg2 Rd8 34.
Qf6 Qc7+ 35. Ng3 Kg8 36. Qc3 a5 37. N1e2 Bc8 38. f4 Qd7 39. Ne4 Qe6 40. Nf6+
Kh8 41. Ng4 h5 42. Ne5 Rg8 43. Rxg6 1-0

[Event "Bad Woerishofen Sen"]
[Site "Bad Woerishofen"]
[Date "2001.??.??"]
[Round "1"]
[White "Thonig, Manfred"]
[Black "Czeitschner, Roland"]
[Result "0-1"]
[WhiteElo "1587"]
[BlackElo "1808"]
[Annotator "ChessOrg"]
[PlyCount "72"]
[EventDate "1998.03.05"]
[Source "ChessBase"]
[SourceDate "1998.04.29"]

1. f4 d5 2. b3 Nf6 3. Bb2 e6 4. Nf3 Bd6 5. e3 c5 6. Bb5+ Bd7 7. Bxd7+ Nbxd7 8.
Ne5 O-O 9. O-O Rc8 10. d4 Ne4 11. Nd2 Ndf6 12. Rf3 Nxd2 13. Qxd2 Ne4 14. Qe2 f6
15. Ng4 c4 16. bxc4 Rxc4 17. Rh3 Qb6 18. c3 Nxc3 19. Bxc3 Rxc3 20. Nxf6+ Rxf6
21. Qh5 h6 22. Rf1 Qc7 23. g4 Bxf4 24. Rxf4 Rxf4 25. exf4 Rxh3 26. Qxh3 Qxf4
27. a3 Qxd4+ 28. Kf1 Qf4+ 29. Ke1 b5 30. Qh5 Kh7 31. Qh3 Qe4+ 32. Kd2 b4 33.
axb4 Qxb4+ 34. Kc2 a5 35. g5 Qe4+ 36. Kb3 Qf5 0-1

[Event "Bad Woerishofen Sen"]
[Site "Bad Woerishofen"]
[Date "2001.??.??"]
[Round "4"]
[White "Thonig, Manfred"]
[Black "Assaloni, Herbert"]
[Result "1-0"]
[WhiteElo "1587"]
[BlackElo "1720"]
[Annotator "ChessOrg"]
[PlyCount "70"]
[EventDate "1998.03.05"]
[Source "ChessBase"]
[SourceDate "1998.04.29"]

1. f4 Nf6 2. b3 e6 3. Bb2 Be7 4. Nf3 O-O 5. e3 b6 6. Be2 Bb7 7. O-O d5 8. Ne5
Nbd7 9. d3 Rc8 10. Nd2 c5 11. Ndf3 h6 12. Qe1 Nh7 13. Qg3 Ndf6 14. Qh3 Rc7 15.
Rad1 d4 16. e4 Ne8 17. Bc1 Bc8 18. Kh1 Nd6 19. Qg3 Kh8 20. Rg1 Nf6 21. Nd2 Nb5
22. Nb1 Kh7 23. a4 Nd6 24. Nd2 Ng8 25. Bh5 Nf6 26. Bf3 Nde8 27. Rdf1 g6 28.
Ndc4 Ng7 29. Nxf7 Ngh5 30. Bxh5 Nxh5 31. Qh3 Rxf7 32. Ne5 Rf6 33. g4 Nxf4 34.
Bxf4 Qf8 35. Nxg6 Qf7 1-0

[Event "Bad Woerishofen Sen"]
[Site "Bad Woerishofen"]
[Date "2001.??.??"]
[Round "6"]
[White "Thonig, Manfred"]
[Black "Forth, Bernhard"]
[Result "0-1"]
[WhiteElo "1587"]
[BlackElo "1895"]
[Annotator "ChessOrg"]
[PlyCount "56"]
[EventDate "1998.03.05"]
[Source "ChessBase"]
[SourceDate "1998.04.29"]

1. f4 Nf6 2. b3 d5 3. Bb2 Bf5 4. Nf3 Nbd7 5. e3 e6 6. Be2 c6 7. O-O Be7 8. Ne5
h6 9. d3 Nxe5 10. fxe5 Nd7 11. Nd2 Qc7 12. Nf3 Bg6 13. d4 O-O 14. Qd2 f5 15.
exf6 Bxf6 16. c3 Be7 17. c4 Bd6 18. c5 Be7 19. Bc3 Be4 20. b4 a6 21. Qb2 Qd8
22. Ne5 Nxe5 23. dxe5 Bg5 24. Bd4 Qe8 25. Rxf8+ Kxf8 26. Rf1+ Kg8 27. Qc1 Qg6
28. Qd1 Bxe3+ 0-1

[Event "Bad Woerishofen Sen"]
[Site "Bad Woerishofen"]
[Date "2001.??.??"]
[Round "8"]
[White "Thonig, Manfred"]
[Black "Malik, Heinz"]
[Result "1-0"]
[WhiteElo "1587"]
[BlackElo "1700"]
[Annotator "ChessOrg"]
[PlyCount "99"]
[EventDate "1998.03.05"]
[Source "ChessBase"]
[SourceDate "1998.04.29"]

1. f4 d6 2. Nf3 Nc6 3. e3 e5 4. fxe5 dxe5 5. Bb5 Bd6 6. O-O Nge7 7. d3 O-O 8.
Nbd2 Bd7 9. Ne4 h6 10. Qe1 Be6 11. Qg3 a6 12. Bxc6 Nxc6 13. Nh4 Be7 14. Nf3 f5
15. Nc3 Bd6 16. Qh3 Qf6 17. Qh4 g5 18. Qf2 Qg6 19. Qe1 Qh5 20. e4 f4 21. Ne2 g4
22. Nh4 Be7 23. Nf5 Bxf5 24. exf5 Rxf5 25. Qc3 Qf7 26. d4 exd4 27. Qd3 Bd6 28.
a3 Re8 29. Bd2 Re6 30. Ng3 Rff6 31. Ne4 Rf5 32. Rae1 Kg7 33. c3 Be5 34. Nc5 Re7
35. Nxb7 dxc3 36. Bxc3 Kg6 37. Bxe5 Nxe5 38. Qc2 Kg5 39. Nc5 Kh5 40. Ne4 Ng6
41. Ng3+ Kg5 42. Nxf5 Qxf5 43. Qxf5+ Kxf5 44. Rxe7 Nxe7 45. Rc1 c6 46. Rc5+ Ke4
47. Ra5 Kd3 48. Rxa6 f3 49. gxf3 gxf3 50. Kf2 1-0

[Event "Bad Woerishofen Sen"]
[Site "Bad Woerishofen"]
[Date "2001.??.??"]
[Round "2"]
[White "Tochtermann, Georg"]
[Black "Wolf, Alfred"]
[Result "1/2-1/2"]
[WhiteElo "2020"]
[BlackElo "1762"]
[Annotator "ChessOrg"]
[PlyCount "102"]
[EventDate "1998.03.05"]
[Source "ChessBase"]
[SourceDate "1998.04.29"]

1. e4 d5 2. exd5 Qxd5 3. Nc3 Qa5 4. Bc4 Nf6 5. Nge2 c6 6. O-O Bg4 7. d3 e6 8.
h3 Bh5 9. g4 Bg6 10. Ng3 Bd6 11. f4 Qc7 12. Qf3 Nbd7 13. a4 h5 14. g5 Nd5 15.
Bxd5 cxd5 16. Nb5 Qc6 17. c4 O-O 18. cxd5 exd5 19. h4 a6 20. Nxd6 Qxd6 21. Nxh5
Nc5 22. d4 Bxh5 23. dxc5 Bxf3 24. cxd6 Be4 25. f5 Rac8 26. f6 g6 27. Be3 Rc6
28. Bf4 Rfc8 29. Rac1 Rc2 30. Rxc2 Rxc2 31. Rf2 Rc8 32. Rd2 Kf8 33. Kf2 Ke8 34.
Ke3 Kd7 35. Rh2 Rc2 36. Rxc2 Bxc2 37. a5 Bf5 38. Kd4 Kc6 39. Ke5 Be4 40. Kd4
Bc2 41. b4 Be4 42. Bg3 Bf3 43. Ke5 Be4 44. Be1 Kd7 45. Bc3 Kc6 46. Kf4 Bd3 47.
Ke5 Be4 48. Bd4 Bf3 49. Kf4 Be4 50. Bc5 Bd3 51. Ke3 Be4 1/2-1/2

[Event "Bad Woerishofen Sen"]
[Site "Bad Woerishofen"]
[Date "2001.??.??"]
[Round "4"]
[White "Tochtermann, Georg"]
[Black "Niebaum, Karl"]
[Result "1-0"]
[WhiteElo "2020"]
[BlackElo "1783"]
[Annotator "ChessOrg"]
[PlyCount "48"]
[EventDate "1998.03.05"]
[Source "ChessBase"]
[SourceDate "1998.04.29"]

1. e4 d5 2. exd5 Nf6 3. Bb5+ c6 4. dxc6 bxc6 5. Be2 e5 6. d3 Bc5 7. Be3 Bxe3 8.
fxe3 Qb6 9. b3 Qxe3 10. Qd2 Qxd2+ 11. Nxd2 Nd5 12. O-O-O O-O 13. Nc4 Nc3 14.
Re1 Nxe2+ 15. Nxe2 f6 16. Kb1 c5 17. Nc3 Bb7 18. Rhg1 Nd7 19. Na5 Rab8 20. Nxb7
Rxb7 21. Nd5 Nb6 22. Nc3 c4 23. dxc4 Nxc4 24. Kc1 Rd8 1-0

[Event "Bad Woerishofen Sen"]
[Site "Bad Woerishofen"]
[Date "2001.??.??"]
[Round "5"]
[White "Tochtermann, Georg"]
[Black "Delander, Adolf"]
[Result "0-1"]
[WhiteElo "2020"]
[BlackElo "2266"]
[Annotator "ChessOrg"]
[PlyCount "52"]
[EventDate "1998.03.05"]
[Source "ChessBase"]
[SourceDate "1998.04.29"]

1. e4 d6 2. Nc3 g6 3. g3 Bg7 4. Bg2 e5 5. Nge2 Ne7 6. d3 O-O 7. O-O Nbc6 8. h3
Nd4 9. g4 c6 10. Ng3 Ne6 11. Nce2 d5 12. c3 Qc7 13. Be3 Nf4 14. d4 Nxg2 15.
Kxg2 dxe4 16. Nxe4 f5 17. Qb3+ Nd5 18. gxf5 gxf5 19. Ng5 f4 20. Bd2 h6 21. Nxf4
exf4 22. Nf3 Be6 23. Qd1 Qf7 24. Rh1 Qg6+ 25. Kh2 Ne3 26. fxe3 Qg3# 0-1

[Event "Bad Woerishofen Sen"]
[Site "Bad Woerishofen"]
[Date "2001.??.??"]
[Round "7"]
[White "Tochtermann, Georg"]
[Black "Josting, Friedel"]
[Result "1-0"]
[WhiteElo "2020"]
[BlackElo "1820"]
[Annotator "ChessOrg"]
[PlyCount "105"]
[EventDate "1998.03.05"]
[Source "ChessBase"]
[SourceDate "1998.04.29"]

1. e4 c5 2. Nc3 Nc6 3. g3 g6 4. Bg2 Bg7 5. Nge2 d6 6. h3 Nf6 7. O-O O-O 8. d3
Rb8 9. a4 a6 10. g4 b5 11. axb5 axb5 12. Ng3 Nd4 13. f4 b4 14. Nce2 Nd7 15. f5
Nxe2+ 16. Nxe2 Bb7 17. Qe1 e6 18. Kh1 Qe7 19. Ra7 Ne5 20. Qf2 exf5 21. gxf5
gxf5 22. Qxf5 Nc6 23. Ra4 Qe5 24. Qf2 Nd4 25. Nxd4 Qxd4 26. Qg3 Kh8 27. Bf4 Be5
28. Bxe5+ Qxe5 29. Qxe5+ dxe5 30. Ra7 Kg7 31. h4 Bc6 32. Bh3 Rb7 33. Ra6 Rc7
34. Bf5 Ra8 35. Rg1+ Kh8 36. Rga1 Rxa6 37. Rxa6 Kg7 38. Kh2 Be8 39. b3 f6 40.
Kg3 Bh5 41. Bg4 Bxg4 42. Kxg4 Kg6 43. h5+ Kg7 44. Kf5 Kh6 45. Kxf6 Kxh5 46.
Kxe5 Kg4 47. Kd6 Rc8 48. e5 Kf5 49. Kd7 Rg8 50. e6 Kf6 51. e7+ Kf7 52. Rh6 Kg7
53. Re6 1-0

[Event "Bad Woerishofen Sen"]
[Site "Bad Woerishofen"]
[Date "2001.??.??"]
[Round "9"]
[White "Tochtermann, Georg"]
[Black "Reinke, Kurt"]
[Result "1/2-1/2"]
[WhiteElo "2020"]
[BlackElo "1841"]
[Annotator "ChessOrg"]
[PlyCount "21"]
[EventDate "1998.03.05"]
[Source "ChessBase"]
[SourceDate "1998.04.29"]

1. e4 c5 2. Nc3 a6 3. a4 d6 4. g3 Nf6 5. Bg2 Nc6 6. Nge2 e6 7. d3 Be7 8. O-O
O-O 9. h3 Bd7 10. f4 Rc8 11. g4 1/2-1/2

[Event "Bad Woerishofen Sen"]
[Site "Bad Woerishofen"]
[Date "2001.??.??"]
[Round "1"]
[White "Turboust, Roger"]
[Black "Kraemer, Marianne"]
[Result "1-0"]
[WhiteElo "1790"]
[BlackElo "1500"]
[Annotator "ChessOrg"]
[PlyCount "60"]
[EventDate "1998.03.05"]
[Source "ChessBase"]
[SourceDate "1998.04.29"]

1. e4 e5 2. Bc4 Nf6 3. Nf3 Nc6 4. O-O h6 5. c3 d5 6. exd5 Nxd5 7. d4 exd4 8.
Re1+ Be7 9. cxd4 O-O 10. Nc3 Be6 11. Bd3 a6 12. a3 Nb6 13. b3 Kh8 14. Bc2 Bf6
15. Qd3 g6 16. Bxh6 Rg8 17. Re4 Bf5 18. Rae1 Qd7 19. Bg5 Kg7 20. Bxf6+ Kxf6 21.
Qe3 Bxe4 22. Bxe4 Rae8 23. d5 Ne5 24. Nxe5 Rxe5 25. Qf4+ Rf5 26. Bxf5 Qxf5 27.
Qd4+ Kg5 28. Re5 Rd8 29. Ne4+ Kh6 30. Rxf5 gxf5 1-0

[Event "Bad Woerishofen Sen"]
[Site "Bad Woerishofen"]
[Date "2001.??.??"]
[Round "4"]
[White "Turboust, Roger"]
[Black "Sauer, Rudolf"]
[Result "0-1"]
[WhiteElo "1790"]
[BlackElo "1684"]
[Annotator "ChessOrg"]
[PlyCount "100"]
[EventDate "1998.03.05"]
[Source "ChessBase"]
[SourceDate "1998.04.29"]

1. e4 c6 2. d4 d5 3. exd5 cxd5 4. Bb5+ Bd7 5. Bxd7+ Qxd7 6. Nf3 Nc6 7. c3 Nf6
8. O-O e6 9. Bf4 Be7 10. Re1 O-O 11. Ne5 Nxe5 12. dxe5 Ne8 13. Nd2 Rc8 14. Nf3
Qb5 15. Re2 Qc4 16. Nd4 Nc7 17. Re3 Nb5 18. Rh3 Nxd4 19. cxd4 Qc2 20. Qh5 Rc4
21. Be3 Rfc8 22. g3 Qe4 23. Re1 Rc2 24. Bd2 Qd3 25. g4 Qg6 26. Qxg6 hxg6 27.
Bc3 b5 28. Rb1 b4 29. Be1 Re2 30. Rd3 Rcc2 31. a3 Rxb2 32. Rc1 Rbc2 33. Rb1 Rb2
34. Rc1 Rec2 35. Rxc2 Rxc2 36. Bxb4 Bxb4 37. axb4 Rb2 38. Ra3 Rxb4 39. Rxa7
Rxd4 40. Ra8+ Kh7 41. h3 g5 42. Rf8 Kg6 43. Kg2 Re4 44. Kg3 Rxe5 45. h4 gxh4+
46. Kxh4 d4 47. f4 Rd5 48. f5+ exf5 49. g5 d3 50. Ra8 Rd4+ 0-1

[Event "Bad Woerishofen Sen"]
[Site "Bad Woerishofen"]
[Date "2001.??.??"]
[Round "6"]
[White "Turboust, Roger"]
[Black "Ohmstede, Rudolf"]
[Result "1-0"]
[WhiteElo "1790"]
[BlackElo "1648"]
[Annotator "ChessOrg"]
[PlyCount "87"]
[EventDate "1998.03.05"]
[Source "ChessBase"]
[SourceDate "1998.04.29"]

1. e4 c5 2. c4 d6 3. Nf3 Nc6 4. Nc3 e6 5. Be2 Be7 6. b3 Nf6 7. Bb2 O-O 8. d3 a6
9. O-O Qc7 10. h3 b6 11. Nh2 Bb7 12. f4 Rad8 13. Nf3 h6 14. Qe1 Nd4 15. Nxd4
cxd4 16. Nd1 e5 17. f5 Rc8 18. Nf2 Nh7 19. Ng4 Qd8 20. Bc1 Bg5 21. Bxg5 Qxg5
22. h4 Qe7 23. f6 Nxf6 24. Rxf6 gxf6 25. Qd2 f5 26. Nxh6+ Kh7 27. Nxf5 Qf6 28.
Rf1 Rc7 29. Rf3 Rg8 30. Rh3 Bc8 31. Rf3 Bxf5 32. Rxf5 Qe6 33. Rh5+ Kg7 34. Bg4
Qf6 35. Bf5 Rh8 36. Rg5+ Kf8 37. g3 Rg8 38. Kg2 Rxg5 39. hxg5 Qg7 40. Qb4 Qxg5
41. Qxd6+ Re7 42. Qxb6 Qd2+ 43. Kh3 Qxd3 44. Qh6+ 1-0

[Event "Bad Woerishofen Sen"]
[Site "Bad Woerishofen"]
[Date "2001.??.??"]
[Round "8"]
[White "Turboust, Roger"]
[Black "Wild, Gerhard"]
[Result "0-1"]
[WhiteElo "1790"]
[BlackElo "1996"]
[Annotator "ChessOrg"]
[PlyCount "58"]
[EventDate "1998.03.05"]
[Source "ChessBase"]
[SourceDate "1998.04.29"]

1. e4 c5 2. g3 Nc6 3. Bg2 g6 4. c3 Bg7 5. Ne2 Qb6 6. Na3 d6 7. Nc4 Qc7 8. O-O
e6 9. d3 b5 10. Ne3 Bb7 11. f4 Nf6 12. Bd2 O-O 13. Qc2 Rac8 14. Rac1 Qb6 15.
Qb1 a5 16. b3 Ne7 17. Kh1 Nd7 18. f5 exf5 19. exf5 Bxg2+ 20. Kxg2 d5 21. fxg6
hxg6 22. Nf4 Qb7 23. Nd1 d4+ 24. Kh3 b4 25. cxd4 Bxd4 26. Be3 Bf6 27. g4 Kg7
28. Nh5+ gxh5 29. Rxf6 Nxf6 0-1

[Event "Bad Woerishofen Sen"]
[Site "Bad Woerishofen"]
[Date "2001.??.??"]
[Round "1"]
[White "Verdcheval, Hans"]
[Black "Vetter, Wilhelm"]
[Result "1/2-1/2"]
[WhiteElo "1555"]
[BlackElo "1798"]
[Annotator "ChessOrg"]
[PlyCount "118"]
[EventDate "1998.03.05"]
[Source "ChessBase"]
[SourceDate "1998.04.29"]

1. d4 d5 2. Nf3 Nf6 3. Bg5 e6 4. e3 c5 5. c3 Nbd7 6. Nbd2 h6 7. Bh4 Bd6 8. Bd3
Qb6 9. Rb1 O-O 10. O-O Re8 11. Re1 e5 12. dxe5 Nxe5 13. Nxe5 Bxe5 14. Nf3 Bg4
15. Be2 Bc7 16. Bxf6 Qxf6 17. Qxd5 Rad8 18. Qxc5 Bb6 19. Qc4 Qg6 20. Rbd1 Bh3
21. g3 Rxd1 22. Bxd1 Be6 23. Qa4 Rd8 24. Be2 Rd5 25. Rd1 Ra5 26. Qe8+ Kh7 27.
Bd3 f5 28. Qxg6+ Kxg6 29. a3 Kf6 30. Bc2 Rb5 31. b4 Rd5 32. Rxd5 Bxd5 33. Nd4
g6 34. Bd3 Ke5 35. f4+ Kf6 36. c4 Bf7 37. c5 Bc7 38. Kf2 Bd5 39. h3 h5 40. Nb5
Bb8 41. Nc3 Bh1 42. e4 fxe4 43. Bxe4 Bxe4 44. Nxe4+ Ke6 45. Ke3 Kd5 46. g4 hxg4
47. hxg4 Bc7 48. f5 gxf5 49. gxf5 Be5 50. f6 Ke6 51. Nd6 b6 52. f7 Bxd6 53.
cxd6 Kxf7 54. Kd4 Ke6 55. d7 Kxd7 56. Kd5 a6 57. a4 Kc7 58. a5 bxa5 59. bxa5
Kd7 1/2-1/2

[Event "Bad Woerishofen Sen"]
[Site "Bad Woerishofen"]
[Date "2001.??.??"]
[Round "3"]
[White "Verdcheval, Hans"]
[Black "Buchner, Matthias"]
[Result "1/2-1/2"]
[WhiteElo "1555"]
[BlackElo "1700"]
[Annotator "ChessOrg"]
[PlyCount "78"]
[EventDate "1998.03.05"]
[Source "ChessBase"]
[SourceDate "1998.04.29"]

1. d4 Nf6 2. Nf3 d5 3. Bg5 e6 4. e3 c5 5. c3 Be7 6. Nbd2 Bd7 7. Bd3 h6 8. Bh4
Nc6 9. O-O O-O 10. Ne5 cxd4 11. Nxc6 Bxc6 12. exd4 Nh7 13. Bxe7 Qxe7 14. Nf3
Ng5 15. Ne5 Rac8 16. Qe2 a6 17. f4 Nh7 18. Rf3 Nf6 19. Raf1 Nd7 20. Ng4 b5 21.
f5 Qd6 22. Nxh6+ gxh6 23. Rg3+ Kh8 24. f6 e5 25. Bf5 Nxf6 26. Bxc8 Rxc8 27.
dxe5 Qc5+ 28. Kh1 Ne4 29. Rgf3 Ng5 30. Rf6 Kg7 31. Qh5 Rh8 32. h4 d4 33. hxg5
hxg5 34. Qxh8+ Kxh8 35. cxd4 Qxd4 36. e6 Qg4 37. R1f2 Kg7 38. Rxf7+ Kg8 39.
Rf8+ Kg7 1/2-1/2

[Event "Bad Woerishofen Sen"]
[Site "Bad Woerishofen"]
[Date "2001.??.??"]
[Round "5"]
[White "Verdcheval, Hans"]
[Black "Harke, Horst"]
[Result "1/2-1/2"]
[WhiteElo "1555"]
[BlackElo "1706"]
[Annotator "ChessOrg"]
[PlyCount "97"]
[EventDate "1998.03.05"]
[Source "ChessBase"]
[SourceDate "1998.04.29"]

1. d4 d5 2. Nf3 Nf6 3. Bg5 e6 4. e3 Be7 5. Nbd2 O-O 6. Bd3 b6 7. O-O c5 8. c3
Bb7 9. Ne5 Ne4 10. Bxe7 Qxe7 11. f4 Nxd2 12. Qxd2 f5 13. Qe2 c4 14. Bc2 Nd7 15.
Rf3 Nf6 16. Kh1 Bc8 17. Rg1 b5 18. a3 a5 19. g3 Bd7 20. g4 fxg4 21. Nxg4 Nxg4
22. Rxg4 e5 23. f5 exd4 24. cxd4 b4 25. Rgf4 Rf6 26. e4 dxe4 27. Qxc4+ Qf7 28.
Qxf7+ Kxf7 29. Bxe4 Rc8 30. axb4 axb4 31. Bd5+ Kf8 32. b3 Rc1+ 33. Kg2 Rd6 34.
Bc4 Rc2+ 35. Rf2 Rc3 36. f6 Bh3+ 37. Kg1 Rc1+ 38. Bf1 g5 39. Re4 Bxf1 40. Rxf1
Rxf1+ 41. Kxf1 Rxf6+ 42. Kg2 Rf5 43. Kg3 Kf7 44. h4 gxh4+ 45. Rxh4 h5 46. d5
Rxd5 47. Rxb4 Kf6 48. Kh4 Ke6 49. Rb6+ 1/2-1/2

[Event "Bad Woerishofen Sen"]
[Site "Bad Woerishofen"]
[Date "2001.??.??"]
[Round "7"]
[White "Verdcheval, Hans"]
[Black "Schampel, Arno"]
[Result "1-0"]
[WhiteElo "1555"]
[BlackElo "1755"]
[Annotator "ChessOrg"]
[PlyCount "145"]
[EventDate "1998.03.05"]
[Source "ChessBase"]
[SourceDate "1998.04.29"]

1. d4 d5 2. Nf3 c6 3. c3 Nf6 4. Bg5 Nbd7 5. Nbd2 e6 6. e3 Bd6 7. Bd3 h6 8. Bh4
O-O 9. O-O Re8 10. e4 e5 11. exd5 cxd5 12. dxe5 Nxe5 13. Bb5 Bd7 14. Bxd7 Nexd7
15. Re1 Qc7 16. Nf1 g5 17. Bg3 Bxg3 18. Nxg3 Rxe1+ 19. Qxe1 Re8 20. Qd2 Nc5 21.
Qd4 Nfe4 22. Re1 Qc6 23. Nf5 Ne6 24. Qxa7 Kh7 25. N5d4 Nxd4 26. Qxd4 Qb5 27. b4
Rc8 28. Re3 Qc6 29. Ne5 Qc7 30. Rf3 f6 31. Ng4 Qe7 32. h3 Nxc3 33. Nxf6+ Kg6
34. Qd3+ Ne4 35. Qb1 Qe5 36. Nxe4 dxe4 37. Re3 Rc4 38. f3 Qd4 39. Qxe4+ Qxe4
40. Rxe4 Rc1+ 41. Kh2 Rc2 42. a4 Kf6 43. Kg3 Rb2 44. a5 Kf5 45. h4 Rb3 46. Kh3
Rb1 47. g4+ Kf6 48. hxg5+ hxg5 49. f4 Rb3+ 50. Kg2 gxf4 51. Rxf4+ Kg5 52. Re4
Ra3 53. Kf2 Kf6 54. Ke2 Rb3 55. Kd2 Kg5 56. Kc2 Ra3 57. Rd4 Re3 58. Rc4 Re7 59.
Kb3 Re6 60. b5 Re1 61. b6 Rb1+ 62. Ka4 Ra1+ 63. Kb5 Rb1+ 64. Rb4 Ra1 65. Ra4
Rb1+ 66. Kc5 Rc1+ 67. Rc4 Ra1 68. Kd6 Ra2 69. Kc7 Rxa5 70. Kxb7 Kf6 71. Kc7 Ke7
72. b7 Ra7 73. Kc8 1-0

[Event "Bad Woerishofen Sen"]
[Site "Bad Woerishofen"]
[Date "2001.??.??"]
[Round "9"]
[White "Verdcheval, Hans"]
[Black "Storkebaum, Karl-Heinz"]
[Result "0-1"]
[WhiteElo "1555"]
[BlackElo "1801"]
[Annotator "ChessOrg"]
[PlyCount "44"]
[EventDate "1998.03.05"]
[Source "ChessBase"]
[SourceDate "1998.04.29"]

1. d4 Nf6 2. Nf3 e6 3. Bg5 d5 4. e3 Be7 5. Nbd2 Nbd7 6. Bd3 b6 7. O-O Bb7 8.
Qe2 Ne4 9. Bxe7 Qxe7 10. c3 O-O 11. h3 c5 12. Nh2 f5 13. f4 Ng3 14. Qf2 Nxf1
15. Rxf1 a5 16. a3 Ba6 17. Qe2 Bxd3 18. Qxd3 c4 19. Qe2 b5 20. Nhf3 b4 21. Ne5
Nxe5 22. dxe5 bxc3 0-1

[Event "Bad Woerishofen Sen"]
[Site "Bad Woerishofen"]
[Date "2001.??.??"]
[Round "2"]
[White "Vetter, Wilhelm"]
[Black "Schumacher, Ursula"]
[Result "1-0"]
[WhiteElo "1798"]
[BlackElo "1500"]
[Annotator "ChessOrg"]
[PlyCount "129"]
[EventDate "1998.03.05"]
[Source "ChessBase"]
[SourceDate "1998.04.29"]

1. d4 Nf6 2. c4 g6 3. Nc3 Bg7 4. e4 d6 5. Be2 c6 6. Nf3 O-O 7. O-O Nbd7 8. Ne1
e5 9. d5 Nc5 10. Bg5 Qa5 11. Qc2 Bg4 12. f3 Bd7 13. Rb1 Qb6 14. Be3 Qd8 15. b4
Na6 16. dxc6 bxc6 17. c5 Bc8 18. Bxa6 Bxa6 19. b5 Bb7 20. Nd3 cxb5 21. Nxb5
dxc5 22. Bxc5 Rc8 23. Nxa7 Rc7 24. Nb5 Ba6 25. Rfd1 Bxb5 26. Rxb5 Qc8 27. Qb3
Re8 28. Bd6 Rc3 29. Qb1 Nd7 30. Rc1 Rxc1+ 31. Nxc1 h5 32. Nd3 Qc4 33. Rb4 Qc6
34. Bb8 Rc8 35. Ba7 Bf8 36. Rb3 Qc2 37. Qxc2 Rxc2 38. Rb2 Rc3 39. Ne1 Bh6 40.
Rc2 Ra3 41. Bf2 Kf8 42. Kf1 Ke7 43. Ke2 Kd6 44. Nd3 Ra5 45. Nb4 Nc5 46. Nd5 Bf8
47. Nb6 Rb5 48. Nc4+ Ke6 49. Bg3 f6 50. Bf2 g5 51. Rb2 Rxb2+ 52. Nxb2 Kd7 53.
Bxc5 Bxc5 54. Kd3 Kc6 55. Kc4 Bd6 56. Na4 Ba3 57. Nc3 Be7 58. Nd5 Bd8 59. a4
Kb7 60. Kb5 Ka7 61. h3 h4 62. Kc6 Ka6 63. Kd7 Ba5 64. Nxf6 Bc3 65. Ke6 1-0

[Event "Bad Woerishofen Sen"]
[Site "Bad Woerishofen"]
[Date "2001.??.??"]
[Round "4"]
[White "Vetter, Wilhelm"]
[Black "Kasueschke, Gregor"]
[Result "1-0"]
[WhiteElo "1798"]
[BlackElo "2030"]
[Annotator "ChessOrg"]
[PlyCount "55"]
[EventDate "1998.03.05"]
[Source "ChessBase"]
[SourceDate "1998.04.29"]

1. d4 d5 2. c4 c6 3. Nf3 Nf6 4. Nc3 dxc4 5. e3 b5 6. Ne5 Bb7 7. a4 a6 8. axb5
cxb5 9. b3 b4 10. Bxc4 e6 11. Na4 Bxg2 12. Rg1 Bb7 13. Bb2 Nbd7 14. Qe2 Nxe5
15. dxe5 Nd5 16. O-O-O Qc7 17. Kb1 g6 18. e4 Nb6 19. Nxb6 Qxb6 20. Rd6 Bxd6 21.
exd6 Rg8 22. Rd1 Kd7 23. Qf3 f5 24. Bxe6+ Kxe6 25. exf5+ Kd7 26. Qg4 h5 27. Qc4
Raf8 28. Qe6+ 1-0

[Event "Bad Woerishofen Sen"]
[Site "Bad Woerishofen"]
[Date "2001.??.??"]
[Round "6"]
[White "Vetter, Wilhelm"]
[Black "Rahn, Oskar"]
[Result "0-1"]
[WhiteElo "1798"]
[BlackElo "2055"]
[Annotator "ChessOrg"]
[PlyCount "102"]
[EventDate "1998.03.05"]
[Source "ChessBase"]
[SourceDate "1998.04.29"]

1. d4 d5 2. c4 e6 3. Nc3 Nf6 4. Bg5 Be7 5. e3 Nbd7 6. Nf3 h6 7. Bh4 O-O 8. Bd3
a6 9. Rc1 c5 10. O-O dxc4 11. Bxc4 b5 12. Bd3 Bb7 13. Re1 b4 14. Na4 cxd4 15.
exd4 Rc8 16. Qe2 Qa5 17. b3 Bd6 18. Bxf6 Nxf6 19. Ne5 Qd5 20. Nf3 Qh5 21. Ne5
Rxc1 22. Rxc1 Qg5 23. Qf1 Bxg2 24. f4 Bxf1+ 25. fxg5 Bxe5 26. Kxf1 Bf4 27. Rc6
hxg5 28. Bxa6 Bxh2 29. Rc8 Rxc8 30. Bxc8 Nd5 31. Nc5 Nc3 32. Bb7 Kf8 33. Nd3
Nxa2 34. d5 Ke7 35. Kg2 Bd6 36. dxe6 Kxe6 37. Kf3 f5 38. Ke3 Nc1 39. Bc8+ Kf6
40. Nxc1 Bf4+ 41. Kf3 Bxc1 42. Kg3 Ke5 43. Bd7 g4 44. Bc8 Bd2 45. Kf2 Kf4 46.
Bd7 Kg5 47. Kg3 Bf4+ 48. Kg2 Be5 49. Bc8 f4 50. Bd7 f3+ 51. Kf2 Kf4 0-1

[Event "Bad Woerishofen Sen"]
[Site "Bad Woerishofen"]
[Date "2001.??.??"]
[Round "8"]
[White "Vetter, Wilhelm"]
[Black "Servaty, Rudolf"]
[Result "0-1"]
[WhiteElo "1798"]
[BlackElo "2260"]
[Annotator "ChessOrg"]
[PlyCount "74"]
[EventDate "1998.03.05"]
[Source "ChessBase"]
[SourceDate "1998.04.29"]

1. d4 Nf6 2. c4 c5 3. d5 e5 4. Nc3 d6 5. e4 Be7 6. Be2 O-O 7. f4 exf4 8. Bxf4
Nbd7 9. Nf3 Ne8 10. e5 dxe5 11. Nxe5 Nxe5 12. Bxe5 Bh4+ 13. g3 Bf6 14. Bxf6
Qxf6 15. Ne4 Qxb2 16. O-O Qe5 17. Qc2 f5 18. Nc3 Nd6 19. Qd3 Bd7 20. Rae1 g6
21. Bf3 Qd4+ 22. Qxd4 cxd4 23. Ne2 d3 24. Nf4 d2 25. Re7 Rf7 26. Rxf7 Kxf7 27.
c5 Nc4 28. Rb1 Ne5 29. Bd1 Rc8 30. c6 bxc6 31. Rb2 Nc4 32. Rb7 Ke8 33. dxc6
Rxc6 34. Rxa7 Ne3 35. Bb3 Rc3 36. Bf7+ Kd8 37. Kf2 d1=Q 0-1